| 000 | 00896nam a2200265 i 4500 | ||
|---|---|---|---|
| 003 | EG-ScBUE | ||
| 005 | 20240404095300.0 | ||
| 008 | 160525s2011 nyu f b 001 0 eng d | ||
| 020 | _a9781780767109 | ||
| 040 |
_aEG-ScBUE _beng _erda _cEG-ScBUE _dEG-ScBUE |
||
| 082 | 0 | 4 |
_222 _a943.02 _bBIR |
| 100 | 1 |
_a Birdal, Mehmet Sinan, _eauthor. _940084 |
|
| 245 | 1 | 4 |
_aThe Holy Roman Empire and the Ottomans : _bfrom global imperial power to absolutist states / _cMehmet Sinan Birdal. |
| 264 | 1 |
_aNew York : _bI. B. Tauris, _c2011. |
|
| 300 |
_axii, 211 pages ; _c22 cm |
||
| 336 |
_2rdacontent _atext _btxt |
||
| 337 |
_aunmediated _2rdamedia _bn |
||
| 338 |
_avolume _bnc _2rdacarrier |
||
| 504 | _aIncludes bibliographical references and index. | ||
| 650 | _2BUEsh | ||
| 651 | 7 |
_2BUEsh _aHoly Roman Empire _xHistory. _940085 |
|
| 653 |
_bBUSBOL _cMay2016 |
||
| 655 | _vReading book | ||
| 942 |
_2ddc _cBB |
||
| 999 |
_c21812 _d21784 |
||